<?xml version="1.0" encoding="UTF-8"?>
<record
    xmlns:xsi="http://www.w3.org/2001/XMLSchema-instance"
    xsi:schemaLocation="http://www.loc.gov/MARC21/slim http://www.loc.gov/standards/marcxml/schema/MARC21slim.xsd"
    xmlns="http://www.loc.gov/MARC21/slim">

  <leader>00866nam a22002537a 4500</leader>
  <controlfield tag="005">20170123162335.0</controlfield>
  <datafield tag="010" ind1=" " ind2=" ">
    <subfield code="a">A-526321</subfield>
  </datafield>
  <datafield tag="020" ind1=" " ind2=" ">
    <subfield code="c">25.00</subfield>
  </datafield>
  <datafield tag="035" ind1=" " ind2=" ">
    <subfield code="a">A-526321</subfield>
  </datafield>
  <datafield tag="037" ind1=" " ind2=" ">
    <subfield code="b">Cen Lib/Ret</subfield>
  </datafield>
  <datafield tag="040" ind1=" " ind2=" ">
    <subfield code="a">DPL</subfield>
    <subfield code="b">UR</subfield>
  </datafield>
  <datafield tag="082" ind1=" " ind2=" ">
    <subfield code="a">841.09</subfield>
    <subfield code="b">&#x644; &#x637; &#x6CC; </subfield>
  </datafield>
  <datafield tag="100" ind1=" " ind2=" ">
    <subfield code="a">&#x633;&#x6CC;&#x651;&#x62F; &#x644;&#x637;&#x6CC;&#x641; &#x627;&#x644;&#x631;&#x62D;&#x645;&#x646; </subfield>
    <subfield code="9">107871</subfield>
  </datafield>
  <datafield tag="245" ind1=" " ind2=" ">
    <subfield code="a">&#x646;&#x627;&#x633;&#x627;&#x62E; &#x633;&#x6D2; &#x648;&#x634;&#x6C1;&#x62A; &#x62A;&#x6A9; /</subfield>
    <subfield code="c">&#x633;&#x6CC;&#x651;&#x62F; &#x644;&#x637;&#x6CC;&#x641; &#x627;&#x644;&#x631;&#x62D;&#x645;&#x646; </subfield>
  </datafield>
  <datafield tag="246" ind1=" " ind2=" ">
    <subfield code="a">Nisaah se vahshat tak /</subfield>
    <subfield code="b">by Sayyad Lateefurrahman </subfield>
  </datafield>
  <datafield tag="260" ind1=" " ind2=" ">
    <subfield code="c">1985</subfield>
    <subfield code="a">&#x6A9;&#x644;&#x6A9;&#x62A;&#x6C1; </subfield>
    <subfield code="b">&#x645;&#x63A;&#x631;&#x628;&#x6CC; &#x628;&#x646;&#x6AF;&#x627;&#x644; &#x627;&#x648;&#x631; &#x627;&#x6A9;&#x627;&#x62F;&#x645;&#x6CC; </subfield>
  </datafield>
  <datafield tag="270" ind1=" " ind2=" ">
    <subfield code="a">&#x661;&#x667;&#x60C; &#x633;&#x646;&#x62F;&#x631;&#x6CC; &#x645;&#x648;&#x6C1;&#x646; &#x627;&#x6CC;&#x648;&#x646;&#x6CC;&#x648; </subfield>
    <subfield code="b">&#x6A9;&#x644;&#x6A9;&#x62A;&#x6C1; </subfield>
    <subfield code="e">700014</subfield>
  </datafield>
  <datafield tag="300" ind1=" " ind2=" ">
    <subfield code="a">255p.</subfield>
    <subfield code="c">21cm(Hb)</subfield>
  </datafield>
  <datafield tag="650" ind1=" " ind2=" ">
    <subfield code="a">&#x627;&#x62F;&#x628; -- &#x627;&#x631;&#x62F;&#x648; </subfield>
    <subfield code="9">124022</subfield>
  </datafield>
  <datafield tag="650" ind1=" " ind2=" ">
    <subfield code="a">&#x627;&#x631;&#x62F;&#x648; &#x63A;&#x632;&#x644;  </subfield>
    <subfield code="9">124023</subfield>
  </datafield>
  <datafield tag="650" ind1=" " ind2=" ">
    <subfield code="a"> Literature -- urdu</subfield>
    <subfield code="9">124024</subfield>
  </datafield>
  <datafield tag="650" ind1=" " ind2=" ">
    <subfield code="a">Urdu poetry</subfield>
    <subfield code="9">124025</subfield>
  </datafield>
  <datafield tag="942" ind1=" " ind2=" ">
    <subfield code="2">ddc</subfield>
    <subfield code="c">UR</subfield>
    <subfield code="h">841.09</subfield>
    <subfield code="m">&#x644; &#x637; &#x6CC; </subfield>
  </datafield>
  <datafield tag="999" ind1=" " ind2=" ">
    <subfield code="c">108123</subfield>
    <subfield code="d">108123</subfield>
  </datafield>
  <datafield tag="952" ind1=" " ind2=" ">
    <subfield code="0">0</subfield>
    <subfield code="1">0</subfield>
    <subfield code="4">0</subfield>
    <subfield code="7">0</subfield>
    <subfield code="a">L</subfield>
    <subfield code="b">L</subfield>
    <subfield code="d">2016-01-14</subfield>
    <subfield code="e">Cen Lib/Ret</subfield>
    <subfield code="g">25.00</subfield>
    <subfield code="l">0</subfield>
    <subfield code="o">841.09 &#x644; &#x637; &#x6CC;</subfield>
    <subfield code="p">A-526321</subfield>
    <subfield code="r">2016-01-14 00:00:00</subfield>
    <subfield code="t">1</subfield>
    <subfield code="v">25.00</subfield>
    <subfield code="w">2016-01-14</subfield>
    <subfield code="y">UR</subfield>
  </datafield>
</record>
